1402 1018 1890 1557 1271 1681 1999 1372 1466 1132 1228 1986 1835 1238 1583 1879 1107 1746 1265 1546 1196 1668 1188 1519 1545 1299 1585 1021 1698 1002 1514 1265 1778 1618 1315 1580 1390 1707 1288 1232 1876 1606 1816 1882 1887 1795 1764 1022 1072 1585 1804 1899 1412 1773 1830 1534 1537 1167 1768 1867 1932 1055 1722 1237 1717 1181 1987 1715 1684 1098 1493 1219 1774 1382 1435 1195 1911 1063 1327 1427 1122 1565 1688 1507 1768 1886 1238 1290 1492 1553 1922 1294 1999 1465 1658 1371 1501 1890 1216 BCNSPRNW ULIB Ver.6.0+V

เปลี่ยนเป็นภาษาไทย

Change to English
 แสดงรายละเอียดบรรณานุกรม
  กลับหน้าหลัก

Brief Record : Get Marc (ISO 2709) : E-mail record : QR code < ปิดหน้าต่าง
LEADER : 00000nam 2200000uu 4500
001    13399114446
003     ULIB
008    110927s||||||||th 000 0 tha d
020    9786167342511
050  4 QA76.76^bอ568ร
100 0  อัมรินทร์ เพ็ชรกุล
245 00 เรียนรู้และใช้งานคอมพิวเตอร์ Windows7 และ Office2010 /^cอัมรินทร์ เพ็ชรกุล
260    กรุงเทพฯ :^bซิมพลิฟาย,^c2554
300    504 หน้า :^bภาพประกอบ
650  7 คอมพิวเตอร์
650  7 Windows7
650  7 Office2010
945    ^p199^l0^i031548
945    ^p199^l0^i031549
995    ทศพร
999 ^a ทศพร
รายการนี้ยังไม่มีแท็ก
คุณยังไม่ได้ล็อกอิน คุณสามารถมีกิจกรรมร่วมกับเว็บไซต์ได้ แต่ต้องล็อกอินก่อน ::
  ล็อกอิน

รายการสื่อสารสนเทศ

ลำดับที่ ประเภท เลขเรียก/บาร์โค้ด สถานที่ สถานะ
- ไม่พบข้อมูล -

รายการใกล้เคียง
    ผู้แต่ง [อัมรินทร์ เพ็ชรกุล]

    หัวเรื่อง [คอมพิวเตอร์]
    หัวเรื่อง [Windows7]
    หัวเรื่อง [Office2010]

BibComment


ยังไม่เคยถูกคอมเมนท์

คอมเมนท์ทรัพยากรรายการนี้
  คอมเมนท์: เรียนรู้และใช้งาน..


 Copyright 2026. Bcnsprnw @Library